000 00695nam a2200181Ia 4500
003 GCL
008 140319s9999 xx 000 0 ara d
040 _aGCL /
_cGCL
082 0 4 _a621.38
_bف ك
100 1 _aفاروق سعيد حسين
245 1 0 _aالكوابل: الاوساط التراسلية والالوان الضوئية 5 /
_cفاروق سعيد حسين
260 _a[S.N] :
_bدار الراتب الجامعية
300 _a167 ص
490 _aسلسلة علم الاتصالات والاجهزة الالكترونية
_v0
650 0 4 _aالاتصالات السلكية واللاسلكية
650 0 4 _aالاتصالات الالكترونية
942 _2ddc
_cBK
999 _c55716
_d55716